Big Ten Teams By Their Mascot - Statistics

General Stats
  • This quiz has been taken 30 times
  • The average score is 17 of 18
Answer Stats
Hint Answer % Correct
Fighting Illini Illinois
100%
Hoosiers Indiana
100%
Hawkeyes Iowa
100%
Wolverines Michigan
100%
Cornhuskers Nebraska
100%
Boilermakers Purdue
100%
Badgers Wisconsin
100%
Terrapins Maryland
96%
Spartans Michigan State
96%
Golden Gophers Minnesota
96%
Buckeyes Ohio State
96%
Ducks Oregon
96%
Scarlet Knights Rutgers
96%
Trojans USC
96%
Nittany Lions Penn State
92%
Bruins UCLA
88%
Huskies Washington
84%
Wildcats Northwestern
80%
No matching quizzes found
Score Distribution
Percent of People with Each Score
Percentile by Number Answered
Your Score History
You have not taken this quiz